00627nam a2200181 i 4500001000700000003000900007007000300016008004100019080001300060100002800073245005600101260003300157300002200190500006300212852003100275999001900306952012000325146661ES-MaACLt|070913s1953 sp ||||1| spa d a849.9.091 aTriadú, Joan.911136210aPanorama de la poesía catalana / cJoan Triadú. aBarcelona : bAriel, c1953. a171 p. ; c20 cm. aEs publicación de La Revista Segovia. Serie. Volumen 12. aES-MaACLjC-7332 bR.35529 c146661d146661 00104070aATENEOMbATENEOMcSPALd2008-01-17eSCl0oC-7332p1153069r2023-02-23 00:00:00w2023-02-23yMONOGRAFIA